Phần mềm toán cho kỹ sư

Sách viết về các lệnh cơ bản của Mathemtica về tính toán bằng số, đồ họa trong mathematica, các tính toán đại số...

Zapisane w:
Opis bibliograficzny
1. autor: Tôn, Tích Ái
Format: Książka
Język:Vietnamese
Wydane: Hà Nội Đại học Quốc gia Hà Nội 2005
Wydanie:In lần thứ 2
Hasła przedmiotowe:
Etykiety: Dodaj etykietę
Nie ma etykietki, Dołącz pierwszą etykiete!
Thư viện lưu trữ: Trung tâm Học liệu Lê Vũ Hùng, Trường Đại học Đồng Tháp
LEADER 01326pam a22002898a 4500
001 00028117
005 20171026081023.0
008 120217s2005 ||||||viesd
020 |c 31000 
041 0 # |a vie 
082 1 4 |a 510.285  |b PH121M 
100 1 # |a Tôn, Tích Ái 
245 1 0 |a Phần mềm toán cho kỹ sư  |c Tôn Tích Ái 
250 # # |a In lần thứ 2 
260 # # |a Hà Nội  |b Đại học Quốc gia Hà Nội  |c 2005 
300 # # |a 365tr.  |b hình vẽ  |c 21cm. 
504 # # |a Thư mục tr.365 
520 # # |a Sách viết về các lệnh cơ bản của Mathemtica về tính toán bằng số, đồ họa trong mathematica, các tính toán đại số... 
653 # # |a Kỹ sư 
653 # # |a Phần mềm toán 
653 # # |a Tính toán đại số 
852 # # |b Kho mượn  |j KM.0010879, KM.0000892, KM.0004839, KM.0009892, KM.0010454,KM.0010257, KM.0010929, KM.0011615, KM.0000393, KM.0013679, KM.0006179 
852 # # |b Kho đọc  |j KD.0012491 
852 # # |j KD.0012491  |j KM.0010264  |j KM.0000892  |j KM.0004839  |j KM.0009892  |j KM.0010454  |j KM.0010929  |j KM.0011615  |j KM.0013679  |j KM.0010257  |j KM.0000393  |j KM.0006179  |j KM.0010879 
910 0 # |a vân  |d 17/02/2012 
980 # # |a Trung tâm Học liệu Lê Vũ Hùng, Trường Đại học Đồng Tháp